Представление документа в формате RUSMARC

Поле Инд. ПП Название Значение
Тип записи a
Библиографический уровень m
001 Контрольный номер ff02bc91735a4dec8338d566d2b32bee
005 Дата корректировки 20210727125511.1
100 a Данные общей обработки 20190214 ||| 0rusy0189 ca
101 0_ a Язык текста rus
102 a Страна публикации RU
200 1_ a Заглавие № 4
b Общее обозначение материала Текст
210 1_ d Дата издания 2019
300 a Общие примечания Режим доступа: Читальный зал
461 _0 1 2000
a Российская юстиция
v № 4
1 203
a Текст : непосредственный
1 0017b67a8c8d4ae4b989a5ee450642ff547
801 _0 a Страна RU
b Организация РГУП
c Дата составления 20190214
g Правила каталогизации PSBO
801 _1 a Страна RU
b Организация РГУП
c Дата составления 20190214
g Правила каталогизации PSBO
901 t Тип документа s
w Контрольный № источника 7b67a8c8d4ae4b989a5ee450642ff547
905 a Дата ввода 20190214